Normal view
MARC view
- Comuter Security-Penetration testing-Compter networks-Security measures-Hacker
Entry Topical Term
001 - CONTROL NUMBER
- control field: 6409
003 - CONTROL NUMBER IDENTIFIER
- control field: JO-AjAnu
005 - DATE AND TIME OF LATEST TRANSACTION
- control field: 20230606071335.0
008 - FIXED-LENGTH DATA ELEMENTS
- fixed length control field: 230606|| aca||aabn | a|a d
040 ## - CATALOGING SOURCE
- Original cataloging agency: JO-AjAnu
- Transcribing agency: JO-AjAnu
150 ## - HEADING--TOPICAL TERM
- Topical term or geographic name entry element: Comuter Security-Penetration testing-Compter networks-Security measures-Hacker
670 ## - SOURCE DATA FOUND
- Source citation: Work cat.: (JO-AjAnu)3319: Oriyano, Sean-Philip, Michael G. Solomon, author 6408, Hacker Techniques, Tools, and Incident Handling